书目信息 |
| 题名: |
观赏植物室内水培技术
|
|
| 作者: | 翁智林 编著 | |
| 分册: | ||
| 出版信息: | 上海 上海科学技术出版社 2007.11 |
|
| 页数: | 132页 | |
| 开本: | 21cm | |
| 丛书名: | ||
| 单 册: | ||
| 中图分类: | S68 | |
| 科图分类: | ||
| 主题词: | 园林植物--yuan lin zhi wu--观赏园艺 | |
| 电子资源: | ||
| ISBN: | 978-7-5323-8981-0 | |
| 000 | 00824nam0 2200229 450 | |
| 001 | 012008958313 | |
| 005 | 20080413114025.37 | |
| 010 | @a978-7-5323-8981-0@dCNY17.00 | |
| 100 | @a20080413d2007 em y0chiy0120 ea | |
| 101 | 0 | @achi |
| 102 | @aCN@b310000 | |
| 105 | @aa z 000yy | |
| 106 | @ar | |
| 200 | 1 | @a观赏植物室内水培技术@Aguan shang zhi wu shi nei shui pei ji shu@f翁智林编著@Fweng zhi lin bian zhu |
| 210 | @a上海@c上海科学技术出版社@d2007.11 | |
| 215 | @a132页@c图@d21cm | |
| 330 | @a本书介绍植物水培观赏的优越性,以营造室内清洁、绿色的生态空间,介绍适宜水培的植物组织结构特点和容器选择,以使植物与容器的组合更具科学性、艺术性。 | |
| 606 | 0 | @a园林植物@Ayuan lin zhi wu@x观赏园艺 |
| 690 | @aS68@v4 | |
| 701 | 0 | @a翁智林@Aweng zhi lin@4编著 |
| 801 | 0 | @aCN@bQSSK@c20080413 |
| 905 | @b291783-85@dS68@eW697@f3 | |
| 观赏植物室内水培技术/翁智林编著.-上海:上海科学技术出版社,2007.11 |
| 132页:图;21cm |
| ISBN 978-7-5323-8981-0:CNY17.00 |
| 本书介绍植物水培观赏的优越性,以营造室内清洁、绿色的生态空间,介绍适宜水培的植物组织结构特点和容器选择,以使植物与容器的组合更具科学性、艺术性。 |
| ● |
| 相关链接 |
|
|
|
正题名:观赏植物室内水培技术
索取号:S68/W697
 
预约/预借
| 序号 | 登录号 | 条形码 | 馆藏地/架位号 | 状态 | 备注 |
| 1 | 291783 | 202917834 | 自科库401/401自科库 98排1列3层/ [索取号:S68/W697] | 在馆 | |
| 2 | 291784 | 202917843 | 自科库401/401自科库 98排1列3层/ [索取号:S68/W697] | 在馆 | |
| 3 | 291785 | 202917852 | 自科库401/401自科库 98排1列3层/ [索取号:S68/W697] | 在馆 |